[Event "World Championship (rapid) 2015"]
[Site "Berlin GER"]
[Date "2015.10.12"]
[Round "14"]
[White "Volokitin, Andrei"]
[Black "Wojtaszek, Radoslaw"]
[Result "0-1"]
[WhiteElo "2639"]
[BlackElo "2734"]
[PlyCount "116"]
[EventDate "2015.10.10"]

1. d4 Nf6 2. c4 e6 3. g3 d5 4. Bg2 Be7 5. Nf3 O-O 6. O-O dxc4 7. Ne5 Nc6 8.
Bxc6 bxc6 9. Nxc6 Qe8 10. Nxe7+ Qxe7 11. Na3 Rd8 12. Qc2 Ba6 13. Nxc4 c5 14.
dxc5 Qxc5 15. b3 Bxc4 16. bxc4 Rdc8 17. Be3 Qxc4 18. Qxc4 Rxc4 19. Rfc1 Ra4 20.
Rc2 Nd5 21. Bc5 Rc8 22. Rac1 h5 23. f3 Rc6 24. Kf2 Kh7 25. a3 Kg6 26. h4 Nc7
27. Bf8 Rxc2 28. Rxc2 Nd5 29. Rc5 f5 30. Rb5 Nb6 31. Bc5 Kf7 32. Bb4 g6 33. e4
fxe4 34. fxe4 Nc4 35. Rb7+ Kg8 36. Kf3 a5 37. Bc5 Nd2+ 38. Ke3 Nxe4 39. Rb8+
Kf7 40. Rb7+ Kf6 41. Bd4+ e5 42. Rb6+ Kf5 43. Bb2 Nxg3 44. Rb5 Re4+ 45. Kf3 Nf1
46. Rxa5 Nd2+ 47. Kg3 Nc4 48. Rb5 Re3+ 49. Kf2 Rh3 50. Bc1 Rxh4 51. a4 Rh1 52.
Bh6 Ra1 53. Rb4 Ra2+ 54. Kg3 Nd6 55. Bg7 g5 56. Kf3 h4 57. Bh6 g4+ 58. Ke3 h3
0-1

[Event "World Championship (rapid) 2015"]
[Site "Berlin GER"]
[Date "2015.10.12"]
[Round "14"]
[White "Ponkratov, Pavel"]
[Black "Kryvoruchko, Yuriy"]
[Result "0-1"]
[WhiteElo "2604"]
[BlackElo "2710"]
[PlyCount "82"]
[EventDate "2015.10.10"]

1. c4 Nf6 2. Nc3 e5 3. Nf3 Nc6 4. a3 d5 5. cxd5 Nxd5 6. Qc2 Be7 7. e3 O-O 8.
Bb5 Nxc3 9. bxc3 Qd6 10. d4 Bg4 11. Bb2 f5 12. Nd2 Kh8 13. f3 Bh5 14. O-O Na5
15. Bd3 Bg6 16. e4 fxe4 17. fxe4 c5 18. dxe5 Qxe5 19. c4 Qd6 20. Nf3 Nc6 21.
Rad1 Rad8 22. e5 Qxd3 23. Rxd3 Bxd3 24. Qb3 Bxf1 25. Kxf1 b6 26. Ke2 Rf4 27.
Qb5 Na5 28. Qa6 Rxc4 29. Qxa7 Rc2+ 30. Ke3 Nc4+ 31. Kf4 Rf8+ 32. Ke4 Bd8 33.
Ba1 Rxg2 34. e6 Rg4+ 35. Kd5 Rxf3 36. e7 Rd3+ 37. Kc6 Rg6+ 38. Kb5 Nd6+ 39. Kc6
Nc8+ 40. Kb7 Nxe7 41. Qa4 Ng8 0-1

[Event "World Championship (rapid) 2015"]
[Site "Berlin GER"]
[Date "2015.10.12"]
[Round "14"]
[White "Mamedov, Rauf"]
[Black "Akopian, Vladimir"]
[Result "0-1"]
[WhiteElo "2657"]
[BlackElo "2648"]
[PlyCount "58"]
[EventDate "2015.10.10"]

1. c4 e5 2. Nc3 Nc6 3. g3 g6 4. Bg2 Bg7 5. d3 d6 6. Rb1 a5 7. Nf3 Nf6 8. O-O
O-O 9. Bg5 h6 10. Bxf6 Bxf6 11. Nd2 Bg7 12. a3 Ne7 13. Qc2 c6 14. b4 axb4 15.
axb4 d5 16. b5 Kh7 17. bxc6 bxc6 18. Na4 f5 19. Nb6 Rb8 20. Nxc8 Rxc8 21. Rb7
e4 22. Nb3 Rb8 23. Rxb8 Qxb8 24. Rb1 Qa7 25. e3 Rb8 26. d4 dxc4 27. Qxc4 Qa2
28. Ra1 Qxb3 29. Qc5 Qb4 0-1

[Event "World Championship (rapid) 2015"]
[Site "Berlin GER"]
[Date "2015.10.12"]
[Round "14"]
[White "Dreev, Aleksey"]
[Black "Kasimdzhanov, Rustam"]
[Result "0-1"]
[WhiteElo "2644"]
[BlackElo "2704"]
[PlyCount "62"]
[EventDate "2015.10.10"]

1. d4 d5 2. c4 e6 3. Nc3 Nf6 4. Nf3 Be7 5. Bf4 O-O 6. Rc1 Nbd7 7. cxd5 exd5 8.
e3 c6 9. h3 Ne4 10. Nxe4 dxe4 11. Nd2 f5 12. Bc4+ Kh8 13. O-O Nf6 14. f3 exf3
15. Nxf3 Nd5 16. Qb3 Nb6 17. Bf7 Bf6 18. Be5 Qe7 19. Bxf6 gxf6 20. Bh5 Be6 21.
Qd3 Qg7 22. Nd2 Qg3 23. Qe2 Rg8 24. Kh1 Nd5 25. Bf3 Rae8 26. Qe1 Qg5 27. Nc4
Qh6 28. Kh2 Re7 29. Rf2 Reg7 30. Rcc2 Rg3 31. Nd6 f4 0-1

[Event "World Championship (rapid) 2015"]
[Site "Berlin GER"]
[Date "2015.10.12"]
[Round "14"]
[White "Onischuk, Alexander"]
[Black "Rublevsky, Sergei"]
[Result "1/2-1/2"]
[WhiteElo "2662"]
[BlackElo "2702"]
[PlyCount "111"]
[EventDate "2015.10.10"]

1. d4 d5 2. c4 c6 3. Nf3 Nf6 4. Nc3 dxc4 5. a4 e6 6. e3 c5 7. Bxc4 cxd4 8. exd4
Nc6 9. O-O Be7 10. Bg5 O-O 11. Re1 Bd7 12. Qe2 Rc8 13. Rad1 Nb4 14. Ne5 Nfd5
15. Nxd5 Nxd5 16. Bxd5 Bxg5 17. Bxb7 Bxa4 18. Ra1 Rc7 19. Qa6 Bb3 20. Be4 Bd5
21. Bxd5 Qxd5 22. Nf3 Bf6 23. Qa5 Qxa5 24. Rxa5 Rb8 25. Ra2 Rb4 26. g3 Bxd4 27.
Nxd4 Rxd4 28. Rea1 Rdd7 29. h4 g6 30. b4 Rb7 31. b5 e5 32. Kg2 e4 33. Ra4 Re7
34. Ra6 Kg7 35. R1a2 f5 36. Kf1 Kh6 37. Rb2 Kh5 38. b6 axb6 39. Raxb6 Rxb6 40.
Rxb6 Kg4 41. Kg2 Ra7 42. Rb4 Ra2 43. Rc4 Re2 44. Rc3 Ra2 45. Rc4 Rd2 46. Rb4
Re2 47. Rb3 f4 48. gxf4 Kxf4 49. h5 g5 50. Kf1 Ra2 51. Rb7 h6 52. Rb6 e3 53.
fxe3+ Kxe3 54. Rxh6 Kf3 55. Rf6+ Kg3 56. Kg1 1/2-1/2

[Event "World Championship (rapid) 2015"]
[Site "Berlin GER"]
[Date "2015.10.12"]
[Round "14"]
[White "Vitiugov, Nikita"]
[Black "Bacrot, Etienne"]
[Result "1/2-1/2"]
[WhiteElo "2725"]
[BlackElo "2697"]
[PlyCount "109"]
[EventDate "2015.10.10"]

1. d4 Nf6 2. Bg5 d5 3. e3 c5 4. Bxf6 gxf6 5. Nc3 Nc6 6. Qh5 e6 7. dxc5 Bxc5 8.
Bd3 f5 9. Nge2 Qf6 10. O-O-O Bd7 11. Nf4 O-O-O 12. Kb1 d4 13. exd4 Bxd4 14. Nb5
Bxb2 15. Qxf7 Kb8 16. Qxf6 Bxf6 17. Be2 Be5 18. Nd3 Bg7 19. Nc5 Bc8 20. Bf3 Nd4
21. c4 Nxb5 22. cxb5 Bd4 23. Nb3 Bxf2 24. Rhf1 Bb6 25. a4 Rxd1+ 26. Rxd1 Rd8
27. Re1 Bc7 28. Kc2 e5 29. g3 e4 30. Be2 b6 31. Bc4 h5 32. Nc1 Rd4 33. Kb3 Rd2
34. Re2 Rd1 35. Kc2 Rd4 36. Kb3 f4 37. gxf4 Bxf4 38. Rc2 Rd2 39. Rxd2 Bxd2 40.
Ne2 Kc7 41. Ng3 Bf4 42. Nxh5 Bxh2 43. Nf6 Bf5 44. Bd5 Kd6 45. Bc6 e3 46. Bf3
Kc5 47. Ng4 Bf4 48. Kc3 Be6 49. Be2 Kd6 50. Kd4 Bb3 51. Nxe3 Bxa4 52. Nc4+ Kc7
53. Nb2 Bc2 54. Bd3 Bb3 55. Bc4 1/2-1/2

[Event "World Championship (rapid) 2015"]
[Site "Berlin GER"]
[Date "2015.10.12"]
[Round "14"]
[White "Adhiban, Baskaran"]
[Black "Andreikin, Dmitry"]
[Result "1-0"]
[WhiteElo "2674"]
[BlackElo "2720"]
[PlyCount "65"]
[EventDate "2015.10.10"]

1. e4 c5 2. Nf3 e6 3. d4 cxd4 4. Nxd4 a6 5. Nc3 b5 6. Bd3 Bb7 7. O-O Qb6 8. Nf3
Qc7 9. Re1 Be7 10. Bd2 Nf6 11. e5 Nd5 12. Ne4 Nc6 13. a4 b4 14. Bg5 Nxe5 15.
Nxe5 Qxe5 16. Nf6+ Bxf6 17. Rxe5 Bxe5 18. Rb1 O-O 19. Qe2 d6 20. Bd2 a5 21. c4
bxc3 22. bxc3 Bc6 23. c4 Nf6 24. c5 Bxa4 25. cxd6 Bxd6 26. Bg5 Bc6 27. Bxf6
gxf6 28. Bxh7+ Kxh7 29. Qh5+ Kg7 30. Qg4+ Kh7 31. Rb3 Bxg2 32. Qxg2 Bf4 33.
Qe4+ 1-0

[Event "World Championship (rapid) 2015"]
[Site "Berlin GER"]
[Date "2015.10.12"]
[Round "14"]
[White "Vidit, Santosh Gujrathi"]
[Black "Eljanov, Pavel"]
[Result "1-0"]
[WhiteElo "2651"]
[BlackElo "2717"]
[PlyCount "173"]
[EventDate "2015.10.10"]

1. d4 Nf6 2. c4 e6 3. Nf3 d5 4. g3 Bb4+ 5. Bd2 Bd6 6. Nc3 O-O 7. Qc2 c5 8. cxd5
exd5 9. Bg2 Nc6 10. dxc5 Bxc5 11. O-O h6 12. Rad1 Bg4 13. Bf4 Bb6 14. Ne5 Be6
15. Nxc6 bxc6 16. Na4 Rc8 17. b4 Qe7 18. a3 Rfe8 19. Rfe1 Bg4 20. h3 Bh5 21.
Nxb6 axb6 22. Be3 Bg6 23. Qc3 c5 24. bxc5 bxc5 25. Bxd5 Nxd5 26. Rxd5 Qe6 27.
Rxc5 Qxh3 28. Rxc8 Rxc8 29. Qe5 f6 30. Qf4 Re8 31. Qh4 Qd7 32. Qd4 Qh3 33. Qh4
Qe6 34. Qd4 Kh7 35. a4 Qh3 36. Qh4 Qf5 37. Qf4 Qc2 38. a5 Re4 39. Qd6 Ra4 40.
Qd2 Qf5 41. Bb6 Qh3 42. Bc7 Qe6 43. f3 h5 44. Kf2 Ra2 45. Qe3 Qc4 46. Bb6 Qd5
47. Qd4 Qe6 48. Bc7 Rc2 49. Bb8 Ra2 50. Bc7 Qc6 51. Bb6 Ra4 52. Qe3 Qd7 53. Kg2
Ra2 54. Qd4 Qe6 55. Kf2 Qh3 56. Qh4 Qe6 57. Qd4 Qc6 58. Qe3 Qd5 59. Qd4 Qc6 60.
Ra1 Rxa1 61. Qxa1 Bf7 62. Qb1+ Bg6 63. Qb4 Qc2 64. Be3 Bd3 65. Qd2 Qxd2 66.
Bxd2 Ba6 67. e4 g5 68. Ke3 Kg6 69. Be1 f5 70. e5 Kf7 71. f4 g4 72. Kd4 Ke6 73.
Kc5 Bd3 74. Kc6 Be4+ 75. Kc7 Bd3 76. Bf2 Bc4 77. Kb6 Kd7 78. a6 Bd5 79. a7 Bf3
80. Bc5 Ba8 81. Bb4 Be4 82. e6+ Kxe6 83. Kc7 Ba8 84. Kb8 Bc6 85. a8=Q Bxa8 86.
Kxa8 Kd5 87. Be7 1-0

[Event "World Championship (rapid) 2015"]
[Site "Berlin GER"]
[Date "2015.10.12"]
[Round "14"]
[White "Navara, David"]
[Black "Safarli, Eltaj"]
[Result "1-0"]
[WhiteElo "2734"]
[BlackElo "2657"]
[PlyCount "123"]
[EventDate "2015.10.10"]

1. e4 c5 2. Nf3 e6 3. d4 cxd4 4. Nxd4 Nf6 5. Nc3 Nc6 6. Ndb5 Bb4 7. a3 Bxc3+ 8.
Nxc3 d5 9. exd5 Nxd5 10. Bd2 O-O 11. Bd3 Qh4 12. g3 Qh3 13. Qe2 Nxc3 14. Bxc3
e5 15. O-O-O Bf5 16. Bxf5 Qxf5 17. Rd5 Rad8 18. Rhd1 Rxd5 19. Rxd5 Qe6 20. Qb5
f6 21. Rd2 Rf7 22. Qd3 Qa2 23. Rd1 Qa1+ 24. Kd2 Qa2 25. Ke3 Qe6 26. Qd5 Qf5 27.
Qe4 Qh5 28. Qf3 Qg6 29. Rd2 Qh6+ 30. Ke2 Qxh2 31. Rd6 Qh3 32. Qd5 h6 33. b4
Qh5+ 34. Kd2 Qg5+ 35. Kd1 a6 36. Qe6 h5 37. f3 Qxg3 38. Rd7 Qg1+ 39. Be1 Qg6
40. Qe8+ Kh7 41. Qxf7 Qg5 42. Rxb7 Nd4 43. Qd5 Qg2 44. Qe4+ f5 45. Qd3 Qh3 46.
Rf7 Kg6 47. Ra7 Nxf3 48. Rxa6+ Kh7 49. Kc1 Qg4 50. Bc3 h4 51. Ra8 h3 52. Qd8 h2
53. Qh8+ Kg6 54. Ra6+ Kg5 55. Qxg7+ Kf4 56. Qh6+ Kg3 57. Rd6 Kg2 58. Rd1 Qf4+
59. Qxf4 exf4 60. b5 Kf2 61. b6 Ng1 62. Bd4+ 1-0

[Event "World Championship (rapid) 2015"]
[Site "Berlin GER"]
[Date "2015.10.12"]
[Round "14"]
[White "Korobov, Anton"]
[Black "Perunovic, Milos"]
[Result "1-0"]
[WhiteElo "2700"]
[BlackElo "2622"]
[PlyCount "69"]
[EventDate "2015.10.10"]

1. d4 Nf6 2. c4 c5 3. d5 b5 4. cxb5 a6 5. bxa6 g6 6. Nc3 Bg7 7. e4 O-O 8. f4 d6
9. Nf3 Qa5 10. Bd3 Nxd5 11. exd5 Bxc3+ 12. Bd2 Bxd2+ 13. Qxd2 Qxd2+ 14. Kxd2
Nxa6 15. Rhe1 Nc7 16. Bc4 Re8 17. Kc3 Ba6 18. b3 Kf8 19. a4 Reb8 20. Ra2 Rb4
21. Rea1 Rab8 22. Ne1 e6 23. dxe6 d5 24. Bxa6 Rxb3+ 25. Kd2 Nxa6 26. exf7 c4
27. Nf3 Nb4 28. Ra3 Rb2+ 29. Kc3 Rxg2 30. Ne5 Rc2+ 31. Kd4 Rc8 32. Rb1 Rd2+ 33.
Kc3 Rxh2 34. Nd7+ Ke7 35. Nb6 1-0

[Event "World Championship (rapid) 2015"]
[Site "Berlin GER"]
[Date "2015.10.12"]
[Round "14"]
[White "Grischuk, Alexander"]
[Black "Kovalev, Vladislav"]
[Result "1-0"]
[WhiteElo "2774"]
[BlackElo "2546"]
[PlyCount "155"]
[EventDate "2015.10.10"]

1. d4 Nf6 2. Bf4 g6 3. Nc3 d5 4. Qd2 Bg7 5. O-O-O O-O 6. f3 c5 7. dxc5 Qa5 8.
Kb1 Qxc5 9. e3 Nc6 10. Na4 Qa5 11. Qxa5 Nxa5 12. Nc3 Nc6 13. Nge2 e6 14. Nd4
Bd7 15. Nxc6 Bxc6 16. Be5 Rfd8 17. Nb5 Ne8 18. Bxg7 Kxg7 19. Nd4 Nd6 20. Bd3 e5
21. Nxc6 bxc6 22. Rhe1 f5 23. Bf1 Kf6 24. Rd3 e4 25. Rc3 Rac8 26. Rd1 Ke6 27.
Ba6 Rc7 28. Rc5 Ne8 29. c4 Kd6 30. b4 Nf6 31. Kc2 Rb8 32. a3 Rb6 33. Ra5 c5 34.
Kb3 Ke5 35. f4+ Kd6 36. h3 h6 37. cxd5 cxb4 38. axb4 g5 39. Bc4 gxf4 40. exf4
Rg7 41. Bf1 Nh5 42. g4 Nxf4 43. gxf5 e3 44. Bc4 Rgb7 45. b5 a6 46. Kc3 axb5 47.
Bb3 Re7 48. f6 Rf7 49. Kd4 e2 50. Re1 Rxf6 51. Ra8 Rb7 52. Rd8+ Rd7 53. Rb8 Rg7
54. Rb6+ Ke7 55. Rb7+ Kf8 56. Rb8+ Ke7 57. Rxb5 Rg3 58. Bc4 Rxh3 59. Bxe2 Nxe2+
60. Rxe2+ Kd7 61. Rb7+ Kc8 62. Rg7 Rf4+ 63. Kc5 Rc3+ 64. Kd6 Rf8 65. Ree7 Rd8+
66. Rd7 Rf8 67. Ra7 Rd8+ 68. Ke5 Re3+ 69. Kd4 Rb3 70. Ra8+ Rb8 71. Rxb8+ Kxb8
72. Kc5 Rh8 73. d6 h5 74. Kc6 Rc8+ 75. Kd7 Rh8 76. Rg1 Rh7+ 77. Kc6 Rh8 78.
Rb1+ 1-0

[Event "World Championship (rapid) 2015"]
[Site "Berlin GER"]
[Date "2015.10.12"]
[Round "14"]
[White "Zvjaginsev, Vadim"]
[Black "Aronian, Levon"]
[Result "0-1"]
[WhiteElo "2660"]
[BlackElo "2784"]
[PlyCount "136"]
[EventDate "2015.10.10"]

1. e4 c6 2. d4 d5 3. exd5 cxd5 4. Bd3 Nf6 5. h3 Nc6 6. c3 g6 7. Nf3 Qc7 8. O-O
Bf5 9. Re1 Bxd3 10. Qxd3 e6 11. Nbd2 Bg7 12. Nb3 O-O 13. Be3 Ne4 14. Ng5 Nd6
15. Bf4 b6 16. Qg3 Rad8 17. Qh4 h6 18. Nf3 g5 19. Bxd6 Rxd6 20. Qg3 Rd7 21. Ne5
Nxe5 22. dxe5 f6 23. Nd4 Re7 24. Qg4 Qc4 25. Nf3 Qxg4 26. hxg4 Rc8 27. Rad1 Kf7
28. exf6 Bxf6 29. Ne5+ Bxe5 30. Rxe5 Rc4 31. f3 b5 32. a3 a5 33. Kf2 b4 34.
axb4 axb4 35. Rh1 Kg6 36. Re3 Rc6 37. Kg3 bxc3 38. bxc3 Rec7 39. Re2 Ra6 40.
Re3 Rcc6 41. Rhe1 Rab6 42. Kf2 Kf6 43. Rh1 Rb2+ 44. Kg3 Kg6 45. Rhe1 Rbb6 46.
Kf2 h5 47. gxh5+ Kxh5 48. g4+ Kg6 49. Kg3 Kf7 50. Rh1 Rb3 51. Re5 Rcxc3 52. Rf1
Kf6 53. Re2 e5 54. Kg2 d4 55. Ra1 Ra3 56. Rb1 Rcb3 57. Rc1 Ke6 58. Rc5 Re3 59.
Rxe3 Rxe3 60. Kf2 Rc3 61. Ra5 Rc2+ 62. Ke1 Kd6 63. Rb5 Rc5 64. Rb6+ Kd5 65. Rf6
Rc2 66. Kd1 d3 67. Rf5 Kd4 68. Rxg5 Ra2 0-1

[Event "World Championship (rapid) 2015"]
[Site "Berlin GER"]
[Date "2015.10.12"]
[Round "14"]
[White "Nguyen, Ngoc Truong Son"]
[Black "Hansen, Eric"]
[Result "1/2-1/2"]
[WhiteElo "2634"]
[BlackElo "2573"]
[PlyCount "99"]
[EventDate "2015.10.10"]

1. e4 c5 2. Nf3 e6 3. g3 Nc6 4. Bg2 Nf6 5. Qe2 e5 6. O-O Be7 7. d3 O-O 8. Nc3
d6 9. Bg5 h6 10. Bxf6 Bxf6 11. Nd2 g6 12. Nc4 Bg7 13. a4 Be6 14. Kh1 a6 15. Ne3
Kh7 16. Ncd5 Ne7 17. Nxe7 Qxe7 18. a5 Rae8 19. Rab1 Qc7 20. Qd2 h5 21. b4 c4
22. dxc4 Bxc4 23. Nxc4 Qxc4 24. Qxd6 Qxc2 25. Rbc1 Qe2 26. Rc7 Rd8 27. Rd7 Rxd7
28. Qxd7 Qc4 29. Qxb7 Rd8 30. b5 Qxb5 31. Qxf7 Qxa5 32. f4 Rf8 33. Qe7 Qd8 34.
Qe6 exf4 35. gxf4 Qh4 36. Qd6 Qf6 37. Qd3 Qh4 38. f5 Be5 39. h3 gxf5 40. exf5
Qg3 41. Qxg3 Bxg3 42. Ra1 Rf6 43. Bf1 Kh6 44. Bd3 Kg5 45. Kg2 h4 46. Ra4 Rd6
47. Rg4+ Kf6 48. Rg6+ Ke5 49. Rxd6 Kxd6 50. Bxa6 1/2-1/2

[Event "World Championship (rapid) 2015"]
[Site "Berlin GER"]
[Date "2015.10.12"]
[Round "14"]
[White "Huzman, Alexander"]
[Black "Matlakov, Maxim"]
[Result "0-1"]
[WhiteElo "2580"]
[BlackElo "2689"]
[PlyCount "102"]
[EventDate "2015.10.10"]

1. Nf3 Nf6 2. c4 c6 3. Nc3 d5 4. e3 e6 5. Qc2 Bd6 6. d4 Nbd7 7. Bd2 O-O 8.
O-O-O b5 9. cxd5 exd5 10. Bd3 Bb7 11. e4 dxe4 12. Nxe4 Nxe4 13. Bxe4 h6 14. Kb1
Nf6 15. Bd3 Qb6 16. Rc1 Rac8 17. Qb3 a6 18. Be3 Nd5 19. Be4 Nxe3 20. Qxe3 Rfe8
21. Qd3 c5 22. dxc5 Bxe4 23. Qxe4 Bxc5 24. Qf5 g6 25. Qh3 Kg7 26. Rc2 Rcd8 27.
Qh4 Rd5 28. Rhc1 Rh5 29. Qf4 Rf5 30. Qd2 Rd8 31. Qe2 Kg8 32. g4 Rfd5 33. h4 b4
34. h5 gxh5 35. gxh5 Bf8 36. Ne5 Qf6 37. f4 Qxf4 38. Nc6 R8d7 39. Qxa6 Rxh5 40.
Qc8 Rc7 41. Qe8 Rg5 42. Nxb4 Re7 43. Qa4 Re4 44. a3 Bxb4 45. axb4 Rxb4 46. Qa6
Rg6 47. Qc8+ Kh7 48. Qe8 Qf5 49. Qe2 Rgb6 50. Ka1 Ra4+ 51. Kb1 Rba6 0-1

[Event "World Championship (rapid) 2015"]
[Site "Berlin GER"]
[Date "2015.10.12"]
[Round "14"]
[White "Bogdanovich, Stanislav"]
[Black "Almasi, Zoltan"]
[Result "1-0"]
[WhiteElo "2590"]
[BlackElo "2689"]
[PlyCount "59"]
[EventDate "2015.10.10"]

1. e4 e5 2. Nf3 Nc6 3. Bb5 Nf6 4. d3 Bc5 5. O-O Nd4 6. Nxd4 Bxd4 7. c3 Bb6 8.
Nd2 c6 9. Ba4 O-O 10. Re1 d5 11. h3 Bc7 12. Qf3 Ne8 13. Nf1 f5 14. exd5 cxd5
15. Bb3 Nf6 16. Bg5 Be6 17. Bf4 Ne4 18. Bh2 Ng5 19. Qd1 Nf7 20. Bxe5 Nxe5 21.
d4 f4 22. dxe5 f3 23. Ne3 Qh4 24. Bxd5 Bxd5 25. Qxd5+ Kh8 26. Qc4 Rf4 27. Qxc7
fxg2 28. Nxg2 Qxf2+ 29. Kh2 Rf3 30. e6 1-0

[Event "World Championship (rapid) 2015"]
[Site "Berlin GER"]
[Date "2015.10.12"]
[Round "14"]
[White "Lagno, Kateryna"]
[Black "Morozevich, Alexander"]
[Result "1-0"]
[WhiteElo "2523"]
[BlackElo "2711"]
[PlyCount "113"]
[EventDate "2015.10.10"]

1. Nf3 d5 2. g3 c6 3. Bg2 Bf5 4. c4 e6 5. cxd5 cxd5 6. Qb3 Qb6 7. Qxb6 axb6 8.
Nc3 Nc6 9. d3 h6 10. O-O Nf6 11. Nb5 Kd7 12. Bd2 Be7 13. a3 Rhc8 14. Rac1 Kd8
15. Bc3 Bh7 16. Ne5 Ke8 17. h3 Bf8 18. g4 Ng8 19. e4 f6 20. exd5 Nxe5 21. Bxe5
fxe5 22. Nc7+ Kd8 23. Nxa8 Rxa8 24. dxe6 Bc5 25. Bxb7 Ra7 26. b4 Bd6 27. Be4
Nf6 28. Bxh7 Nxh7 29. Rc6 Ke7 30. Rxb6 Ng5 31. Rc1 Rxa3 32. b5 Nxe6 33. Rb7+
Kf6 34. Rc6 Bc5 35. Rb8 Rxd3 36. b6 Kf7 37. b7 Rb3 38. Rxe6 Ba7 39. Rbe8 Rxb7
40. Rxe5 Bd4 41. Re4 Bf6 42. Kg2 Rb3 43. Re2 Ra3 44. R8e3 Ra4 45. Re4 Ra3 46.
f4 Rb3 47. R4e3 Rb4 48. Kg3 Ra4 49. h4 Rd4 50. g5 Bd8 51. gxh6 gxh6 52. Kg4 Bf6
53. Ra2 Rd5 54. h5 Rd7 55. Ra6 Rb7 56. Rd3 Rc7 57. Rda3 1-0

[Event "World Championship (rapid) 2015"]
[Site "Berlin GER"]
[Date "2015.10.12"]
[Round "14"]
[White "Iturrizaga Bonelli, Eduardo"]
[Black "Hjartarson, Johann"]
[Result "1-0"]
[WhiteElo "2641"]
[BlackElo "2529"]
[PlyCount "90"]
[EventDate "2015.10.10"]

1. Nf3 Nf6 2. c4 e6 3. Nc3 c5 4. g3 b6 5. Bg2 Bb7 6. O-O Be7 7. d4 cxd4 8. Qxd4
d6 9. Bg5 O-O 10. Rfd1 Nbd7 11. Rac1 a6 12. Qd2 Qc7 13. Bf4 Ne8 14. Qe3 Nef6
15. Nd5 exd5 16. Qxe7 Rfe8 17. Qxd6 Qxd6 18. Bxd6 Rxe2 19. cxd5 Bxd5 20. Rxd5
Nxd5 21. Nd4 Rd2 22. Nb3 Rd3 23. Be4 Rxb3 24. axb3 N7f6 25. Bf3 Rd8 26. Be5 h5
27. Rc6 a5 28. Kg2 Rd7 29. h3 Rd8 30. Kf1 Re8 31. Bxf6 Nxf6 32. Rxb6 Re5 33. b4
axb4 34. Rxb4 g5 35. Rd4 Kf8 36. b4 Ke7 37. Bc6 g4 38. h4 Ke6 39. Rd2 Ke7 40.
Re2 Kd6 41. Rxe5 Kxe5 42. Ke2 Kd4 43. b5 Kc5 44. Ke3 Ng8 45. Kf4 Ne7 1-0

[Event "World Championship (rapid) 2015"]
[Site "Berlin GER"]
[Date "2015.10.12"]
[Round "14"]
[White "Ponomariov, Ruslan"]
[Black "Handke, Florian"]
[Result "1-0"]
[WhiteElo "2710"]
[BlackElo "2531"]
[PlyCount "105"]
[EventDate "2015.10.10"]

1. d4 d5 2. c4 c6 3. Nf3 Nf6 4. Nc3 a6 5. g3 e6 6. Bg2 dxc4 7. Ne5 b5 8. O-O
Bb7 9. b3 Nbd7 10. bxc4 Nxe5 11. dxe5 Qxd1 12. Rxd1 b4 13. exf6 bxc3 14. Bf4
gxf6 15. Rd3 Ba3 16. Rb1 Bb2 17. Bc1 Ke7 18. Bxb2 cxb2 19. Rxb2 Ra7 20. Rb6 Rc8
21. f4 Rc7 22. c5 a5 23. Kf2 f5 24. Rd6 a4 25. Bxc6 Bxc6 26. Rdxc6 Rxc6 27.
Rxc6 Ra5 28. Rc7+ Kf6 29. Ke3 Rb5 30. Ra7 Rxc5 31. Rxa4 Rc3+ 32. Kd2 Rc5 33.
Rb4 Rd5+ 34. Kc3 Rd1 35. a4 Ra1 36. Kb2 Re1 37. a5 Rxe2+ 38. Kb3 Rxh2 39. a6
Rh1 40. Kb2 Rh2+ 41. Ka3 Rh1 42. Ra4 Ra1+ 43. Kb4 Rb1+ 44. Kc5 Rb8 45. a7 Ra8
46. Kb6 Kg6 47. Kb7 Rxa7+ 48. Rxa7 Kh5 49. Kc6 Kg4 50. Ra3 h5 51. Kd6 h4 52.
gxh4 Kxh4 53. Ke5 1-0

[Event "World Championship (rapid) 2015"]
[Site "Berlin GER"]
[Date "2015.10.12"]
[Round "15"]
[White "Kramnik, Vladimir"]
[Black "Bocharov, Dmitry"]
[Result "1/2-1/2"]
[WhiteElo "2777"]
[BlackElo "2560"]
[PlyCount "100"]
[EventDate "2015.10.10"]

1. d4 Nf6 2. Nf3 e6 3. Bf4 c5 4. e3 Be7 5. dxc5 Bxc5 6. c4 O-O 7. Nc3 Nc6 8. a3
b6 9. Be2 Bb7 10. O-O Be7 11. h3 Rc8 12. Rc1 d6 13. b4 Qd7 14. Qb3 Rfd8 15.
Rfd1 Qe8 16. Nb5 Qf8 17. Nfd4 a6 18. Nc3 Nb8 19. Bf3 Bxf3 20. Nxf3 Rd7 21. e4
Qe8 22. Na4 Qd8 23. Be3 b5 24. Nb6 bxc4 25. Qb1 d5 26. exd5 Nxd5 27. Nxc8 Qxc8
28. Bd4 Bf6 29. Bxf6 gxf6 30. Rd4 c3 31. Qe4 Nc6 32. Rd3 Nce7 33. Nd4 f5 34.
Qe1 Qc4 35. Rg3+ Ng6 36. Nxf5 c2 37. Ne3 Nxe3 38. Rxe3 Nf4 39. Re4 Qb3 40. Re3
Rd3 41. Kh2 Rxe3 42. Qxe3 Nd3 43. Qg5+ Kf8 44. Qd8+ Kg7 45. Qg5+ Kf8 46. Rf1
Qc3 47. Qd8+ Kg7 48. Qg5+ Kf8 49. Qd8+ Kg7 50. Qg5+ Kf8 1/2-1/2

[Event "World Championship (rapid) 2015"]
[Site "Berlin GER"]
[Date "2015.10.12"]
[Round "15"]
[White "Onischuk, Vladimir"]
[Black "Inarkiev, Ernesto"]
[Result "1/2-1/2"]
[WhiteElo "2612"]
[BlackElo "2660"]
[PlyCount "64"]
[EventDate "2015.10.10"]

1. e4 e5 2. Nf3 Nc6 3. Bb5 a6 4. Ba4 Nf6 5. O-O Be7 6. d3 b5 7. Bb3 d6 8. a3
O-O 9. Nc3 Nb8 10. Ne2 Nbd7 11. Ng3 Nc5 12. Ba2 Be6 13. Bb1 h6 14. Re1 Re8 15.
h3 Bf8 16. Be3 Na4 17. Qc1 c5 18. c3 Qc7 19. Qd2 d5 20. d4 exd4 21. cxd4 dxe4
22. Nxe4 Nxe4 23. Bxe4 Rad8 24. Bf4 Qa7 25. Rad1 Nb6 26. Qc2 Nd5 27. Bg3 c4 28.
Ne5 Qb6 29. Bh7+ Kh8 30. Bf5 Kg8 31. Bh7+ Kh8 32. Bf5 Kg8 1/2-1/2

[Event "World Championship (rapid) 2015"]
[Site "Berlin GER"]
[Date "2015.10.12"]
[Round "15"]
[White "Akopian, Vladimir"]
[Black "Ivanchuk, Vassily"]
[Result "0-1"]
[WhiteElo "2648"]
[BlackElo "2726"]
[PlyCount "104"]
[EventDate "2015.10.10"]

1. e4 c6 2. d4 d5 3. e5 Bf5 4. Nf3 e6 5. Be2 Ne7 6. O-O c5 7. dxc5 Nec6 8. Be3
Nd7 9. c4 dxc4 10. Bxc4 Bxc5 11. Qe2 Bxe3 12. Qxe3 Qb6 13. Qxb6 axb6 14. Bb5
Ke7 15. Bxc6 bxc6 16. Nbd2 Rhd8 17. Rfe1 c5 18. Nc4 Bd3 19. Rec1 Bxc4 20. Rxc4
b5 21. Rc2 c4 22. a3 Nc5 23. h4 Rd3 24. Re1 Rad8 25. Kh2 R8d5 26. Ree2 h6 27.
Nd2 Na4 28. Nf1 Rb3 29. Ne3 Rxe5 30. Rcd2 f6 31. g3 Re4 32. Kg2 f5 33. Kf1 g5
34. hxg5 hxg5 35. Nd1 Rxe2 36. Rxe2 g4 37. Rd2 Kf6 38. Ke2 Ke5 39. Kf1 Rd3 40.
Rxd3 cxd3 41. b3 Nc5 42. Nc3 Nxb3 43. Ke1 Na5 44. Nxb5 Nc4 45. a4 Ke4 46. Nc7
e5 47. Ne6 Kf3 48. Kf1 Nd2+ 49. Ke1 Ne4 50. a5 d2+ 51. Kd1 Kxf2 52. Nc7 f4 0-1

[Event "World Championship (rapid) 2015"]
[Site "Berlin GER"]
[Date "2015.10.12"]
[Round "15"]
[White "Salem, A.R. Saleh"]
[Black "Karjakin, Sergey"]
[Result "1/2-1/2"]
[WhiteElo "2624"]
[BlackElo "2762"]
[PlyCount "85"]
[EventDate "2015.10.10"]

1. d4 Nf6 2. c4 e6 3. Nf3 b6 4. Nc3 Bb4 5. e3 Bb7 6. Bd3 O-O 7. O-O d5 8. cxd5
exd5 9. a3 Bd6 10. b4 a6 11. Qb3 Qe7 12. Rb1 Re8 13. h3 Nbd7 14. a4 Ne4 15.
Nxd5 Bxd5 16. Qxd5 Nc3 17. Qb3 Nxb1 18. Qxb1 h6 19. b5 axb5 20. axb5 Nf6 21.
Bb2 Ne4 22. Qc2 Qe6 23. Ne5 Bxe5 24. dxe5 Nc5 25. Bc4 Qd7 26. Rd1 Qe7 27. f4
Rad8 28. Bd4 Ne6 29. f5 Nxd4 30. exd4 Qh4 31. Qb3 Re7 32. Qe3 Kf8 33. g4 Red7
34. Kg2 Qe7 35. f6 Qb4 36. e6 Qxc4 37. e7+ Kg8 38. e8=Q+ Rxe8 39. Qxe8+ Kh7 40.
Qxd7 Qe2+ 41. Kg3 Qe3+ 42. Kg2 Qe2+ 43. Kg3 1/2-1/2

[Event "World Championship (rapid) 2015"]
[Site "Berlin GER"]
[Date "2015.10.12"]
[Round "15"]
[White "Anand, Viswanathan"]
[Black "Kryvoruchko, Yuriy"]
[Result "1/2-1/2"]
[WhiteElo "2803"]
[BlackElo "2710"]
[PlyCount "41"]
[EventDate "2015.10.10"]

1. e4 e5 2. Nf3 Nc6 3. Bb5 Nf6 4. d3 Bc5 5. Bxc6 dxc6 6. Nbd2 O-O 7. Qe2 Re8 8.
h3 Nd7 9. Nc4 Bd6 10. Bd2 Nf8 11. Bc3 Ng6 12. g3 b5 13. Ne3 c5 14. h4 Nf8 15.
a4 c6 16. axb5 cxb5 17. Ba5 Qd7 18. Nf5 Qc6 19. O-O Ne6 20. Ng5 Be7 21. Nxe6
1/2-1/2